[Event "WchT U26"]
[Site "Graz"]
[Date "1972.??.??"]
[Round "1"]
[White "Eales, Richard G"]
[Black "De Fotis, Gregory"]
[Result "1-0"]
[WhiteElo "2200"]
[BlackElo "2425"]

1.e4 c5 2.Nf3 d6 3.Nc3 a6 4.d4 cxd4 5.Nxd4 Nf6 6.Be3 e5 7.Nb3 Be6 8.Qd2 Be7
9.f3 Nbd7 10.g4 Rc8 11.g5 Nh5 12.Rg1 O-O 13.O-O-O b5 14.Nd5 Bxd5 15.exd5 Nb6
16.Na5 Nxd5 17.Qxd5 Qxa5 18.g6 hxg6 19.Rxg6 Nf6 20.Qb3 d5 21.Rg5 Qc7 22.Bh3 Rcd8
23.Bf5 Ne8 24.Rg3 Qc4 25.Bh6 Rd6 26.Qe3 Qc6 27.Bxg7 Nxg7 28.Rdg1 Rg6 29.Bxg6 fxg6
30.Rxg6 Bf6 31.Qh6  1-0

[Event "URS-chT Moscow"]
[Site "Moscow"]
[Date "1972.??.??"]
[Round "?"]
[White "Vasiukov, Evgeni"]
[Black "Anikaev, Yuri N"]
[Result "0-1"]
[WhiteElo "2575"]
[BlackElo "2475"]

1.e4 c5 2.Nf3 d6 3.Nc3 Nf6 4.d4 cxd4 5.Nxd4 a6 6.Be3 e6 7.Bd3 b5 8.f4 Bb7
9.Qf3 Nbd7 10.O-O Rc8 11.Rae1 Nc5 12.a3 Be7 13.Bf2 O-O 14.Qh3 g6 15.f5 e5
16.Nf3 Nh5 17.Be3 Bf6 18.g4 Nf4 19.Bxf4 exf4 20.Qh6 Qb6 21.Rf2 b4 22.axb4 Qxb4
23.g5 Bg7 24.Qh4 Rfe8 25.f6 Bf8 26.Qxf4 d5 27.Rfe2 dxe4 28.Nxe4 Nxe4 29.Rxe4 Bxe4
30.Rxe4 Qxb2 31.Rxe8 Rxe8 32.Qc7 Qb4 33.Bxa6 Qc5+ 34.Qxc5 Bxc5+ 35.Kg2 Be3
36.h4 h6 37.Kg3 hxg5 38.hxg5 Re4 39.Bd3 Ra4 40.Kh3 Kf8 41.Bb5 Ra3 42.Kg4 Rc3
43.Bd3 Rc5 44.Kh4 Ke8 45.Kg4 Kd7 46.Kh4 Kd6 47.Kg4 Ra5 48.Kh4 Ra4+ 49.Kh3 Rb4
50.Ba6 Kd5 51.Bd3 Bf4 52.Kg4 Bd6+ 53.Kh3 Rf4 54.Nh4 Rf2 55.c3 Rd2 56.Bb5 Rc2
57.c4+ Ke4 58.Be8 Kf4 59.Bxf7 Kxg5 60.Nf3+ Kxf6 61.Bd5 Rb2 62.Be4 Rf2 63.Nh4 Kg5
64.Bg2 Rf8 65.Nf3+ Kf4 66.Kh2 Kg4+ 67.Kh1 Rxf3  0-1

[Event "Skopje ol (Men) fin-D"]
[Site "Skopje"]
[Date "1972.??.??"]
[Round "1"]
[White "Hasan, HM."]
[Black "Gouder, A."]
[Result "1/2-1/2"]
[WhiteElo "2380"]
[BlackElo "2200"]

1.e4 c5 2.Nf3 d6 3.d4 cxd4 4.Nxd4 Nf6 5.Nc3 a6 6.Be3 Bd7 7.f3 Nc6 8.Qd2 Rc8
9.a3 h6 10.Bd3 Ne5 11.O-O Nxd3 12.cxd3 e6 13.Rac1 Be7 14.Nce2 O-O 15.Rxc8 Qxc8
16.Rc1 Qb8 17.Ng3 Rc8 18.Nde2 Rc6 19.d4 Qc8 20.Rc3 b5 21.Kf2 Rxc3 22.Qxc3 Qxc3
23.Nxc3 Kf8 24.Bd2 Bd8 25.Nge2 Bc6 26.Be3 Bb7 27.Ke1 Nd7 28.Kd2 Nb6 29.b3 Bc6
30.Nc1  1/2-1/2

[Event "CAN-ch"]
[Site "Toronto"]
[Date "1972.??.??"]
[Round "9"]
[White "Biyiasas, Peter"]
[Black "Labelle, Jacques"]
[Result "1/2-1/2"]
[WhiteElo "2390"]
[BlackElo "2200"]

1.e4 c5 2.Nf3 d6 3.Nc3 Nf6 4.d4 cxd4 5.Nxd4 a6 6.Be3 e5 7.Nb3 Qc7 8.a4 Nbd7
9.a5 Be7 10.Be2 b5 11.axb6 Nxb6 12.O-O O-O 13.Nb5 Qb8 14.Na5 axb5 15.Nc6 Qc7
16.Nxe7+ Qxe7 17.Bxb6 Rxa1 18.Qxa1 Qb7 19.Ba5 Nxe4 20.Bf3 d5 21.b3 Re8 22.Rd1 f5
23.Qa3 Qc6 24.Qb2 Bb7 25.Bh5 g6 26.Be2 Qc5 27.Be1 b4 28.Ra1 Nc3 29.Bxc3 bxc3
30.Qc1 f4 31.Ra3 d4 32.Qa1 e4 33.Ra5 Qc7 34.Qa4 Rd8 35.Bc4+ Kh8 36.Qb4 Bc6
37.Rc5 Qd6 38.Qb6 Be8 39.Qa5 Qf6 40.Re5 d3 41.Qxc3  1/2-1/2

[Event "Staffordshire op"]
[Site "Staffordshire"]
[Date "1973.??.??"]
[Round "4"]
[White "Williams, A Howard"]
[Black "Griffiths, Peter C"]
[Result "1-0"]
[WhiteElo "2390"]
[BlackElo "2255"]

1.e4 c5 2.Nf3 d6 3.d4 cxd4 4.Nxd4 Nf6 5.Nc3 a6 6.Be3 e5 7.Nb3 Be7 8.f3 Be6
9.Qd2 O-O 10.O-O-O b5 11.Nd5 Bxd5 12.exd5 Qc7 13.Na5 Bd8 14.b4 Qc8 15.Kb1 Bxa5
16.bxa5 Nbd7 17.Ka1 Qc7 18.c4 bxc4 19.Rc1 c3 20.Rxc3 Qxa5 21.Rc6 Qxd5 22.Rxd6 Qb7
23.Bd3 e4 24.Bxe4 Nxe4 25.Rxd7 Nxd2 26.Rxb7 Nc4 27.Bf4 Rfe8 28.Rc1 Rac8 29.Rb4 Na3
30.Rxc8 Rxc8 31.Kb2 Nb5 32.a4 Nc3 33.Kb3 f6 34.Rb8 Rxb8+ 35.Bxb8 Nd5 36.Kc4 Nb6+
37.Kb4 Kf7 38.Ka5 Nd7 39.Ba7 Ke6 40.Kxa6 Kd5 41.Kb7 Kc4 42.a5 Kb5 43.a6  1-0

[Event "FRG-ch"]
[Site "Menden"]
[Date "1974.??.??"]
[Round "?"]
[White "Rosen, Willy"]
[Black "Striebich, Rudolf"]
[Result "1/2-1/2"]
[WhiteElo "2200"]
[BlackElo "2200"]

1.e4 c5 2.Nf3 d6 3.d4 cxd4 4.Nxd4 Nf6 5.Nc3 a6 6.Be3 e5 7.Nb3 Be7 8.Qd2 Qc7
9.O-O-O Be6 10.f3 Nbd7 11.g4 h6 12.h4 Nb6 13.Kb1 d5 14.Bxb6 Qxb6 15.Nxd5 Nxd5
16.exd5 Bxd5 17.Qxd5 Rd8 18.Bb5+ Qxb5 19.Qxb5+ axb5 20.Rxd8+ Kxd8 21.h5 f5
22.Re1 Rf8 23.c3 fxg4 24.fxg4 Bd6 25.Nd2 Rf4 26.Re4 Rf2 27.Kc2 Ke7 28.Kd3 Rg2
29.a4 bxa4 30.Rxa4 Ke6 31.b3 Rg3+ 32.Kc2 Be7 33.Ra7 b5 34.Ra6+ Kf7 35.Ra5 b4
36.cxb4 Bxb4 37.Rxe5 Bxd2 38.Kxd2  1/2-1/2

[Event "Nice olm prel"]
[Site "Nice"]
[Date "1974.??.??"]
[Round "9"]
[White "Fuller, Maxwell L"]
[Black "Verduga, Denis Homero"]
[Result "1-0"]
[WhiteElo "2365"]
[BlackElo "2200"]

1.e4 c5 2.Nf3 d6 3.Nc3 a6 4.d4 cxd4 5.Nxd4 Nf6 6.Be3 e6 7.Be2 Nbd7 8.g4 h6
9.Qd2 b5 10.a3 Bb7 11.f3 Rc8 12.O-O-O Ne5 13.h4 Nfd7 14.f4 Nc4 15.Bxc4 Rxc4
16.g5 hxg5 17.hxg5 Rxh1 18.Rxh1 Qa8 19.g6 Bxe4 20.gxf7+ Kxf7 21.Re1 Nf6 22.Nxe4 Qxe4
23.Bg1 Qd5 24.b3 Rc8 25.Rxe6 Re8 26.f5 g6 27.Qg5 Rxe6 28.Qxg6+ Ke7 29.Nxe6 Bh6+
30.Qxh6 Qxf5 31.Nf4  1-0

[Event "ARG-ch"]
[Site "Buenos Aires"]
[Date "1975.??.??"]
[Round "15"]
[White "Sampaolesi, Nestor"]
[Black "Quinteros, Miguel A"]
[Result "0-1"]
[WhiteElo "2200"]
[BlackElo "2505"]

1.e4 c5 2.Nf3 d6 3.d4 cxd4 4.Nxd4 Nf6 5.Nc3 a6 6.Be3 e6 7.g4 e5 8.Nf5 g6
9.g5 gxf5 10.gxf6 f4 11.Bc4 Qc7 12.Qe2 fxe3 13.fxe3 Be6 14.Bb3 Nc6 15.O-O-O O-O-O
16.Qh5 Qd7 17.Nd5 Kb8 18.Nb6 Qc7 19.Nd5 Bxd5 20.Bxd5 Nb4 21.Bb3 Rd7 22.a3 Nc6
23.Rd3 Rg8 24.Rc3 Rg6 25.Qxh7 Qd8 26.h4 Qxf6 27.h5 Rg5 28.Kb1 Qf3 29.Rc1 Qxh5
30.Qxh5 Rxh5 31.Rf1 Nd8 32.Bd5 Bh6 33.Rf3 Bg5 34.a4 f6 35.b4 Rc7 36.Rd3 Rh1+
37.Kb2 Rh2 38.Bb3 Nc6 39.Ka3 a5 40.c3 axb4+ 41.cxb4 Nd4 42.Rf1 Nc2+ 43.Bxc2 Rcxc2
44.Kb3 Rce2 45.Rxd6 Rxe3+ 46.Kc4 Rxe4+ 47.Kb5 Rb2  0-1

[Event "URS-ch otbor"]
[Site "Cheliabinsk"]
[Date "1975.??.??"]
[Round "?"]
[White "Makarichev, Sergey"]
[Black "Gutman, Lev"]
[Result "1/2-1/2"]
[WhiteElo "2440"]
[BlackElo "2390"]

1.e4 c5 2.Nf3 d6 3.d4 cxd4 4.Nxd4 Nf6 5.Nc3 a6 6.Be3 e6 7.Be2 Nbd7 8.f4 Qc7
9.a4 b6 10.Bf3 Bb7 11.Qe2 e5 12.Nf5 g6 13.fxe5 Nxe5 14.Bg5 Qd8 15.Nh6 Be7
16.O-O Nfd7 17.Be3 Kf8 18.Qf2 Bg5 19.Rad1 Qe7 20.Bxg5 Qxg5 21.Bg4 Kg7 22.Bxd7 Kxh6
23.Rxd6 Rhd8 24.Qd4 b5 25.axb5 axb5 26.Bxb5 Ra1 27.Kh1 Nc6 28.Qf6 Rxf1+ 29.Bxf1 Rxd6
30.Qxd6 Qc1 31.Qd1 Qxb2 32.Qd2+ Kg7 33.h3 Qa1 34.Kg1 h5 35.Nd5 Nd4 36.c3 Ne6
37.Qf2 Kg8 38.Ne7+ Kg7 39.Nd5 Kg8 40.Qf6 Bxd5 41.exd5 Ng7 42.d6 Ne6 43.Qe5 Kh7
44.Kf2 Qb2+ 45.Kg3 h4+ 46.Kh2 Qf2 47.Be2 Nf4 48.Bf3 Nd3 49.Qe7 Qg3+ 50.Kg1 Ne5  1/2-1/2

[Event "FRG-ch International"]
[Site "Mannheim"]
[Date "1975.??.??"]
[Round "3"]
[White "Dueball, Juergen"]
[Black "Minic, Dragoljub"]
[Result "1-0"]
[WhiteElo "2455"]
[BlackElo "2475"]

1.e4 c5 2.Nf3 d6 3.d4 cxd4 4.Nxd4 Nf6 5.Nc3 a6 6.Be3 e6 7.f4 Be7 8.Qf3 Qc7
9.O-O-O b5 10.e5 Bb7 11.Bxb5+ axb5 12.Ndxb5 Qc8 13.Qg3 dxe5 14.fxe5 Nh5 15.Qh3 g6
16.Bh6 Bc6 17.Rhf1 Qb7 18.Qd3 Nd7 19.g4 Nxe5 20.Qd4 f6 21.Nd6+ Bxd6 22.Qxd6 Bd7
23.Rxf6 Nxf6 24.Qxe5 O-O-O 25.Qxf6 Rhe8 26.Bg5 Rf8 27.Qe5 Rde8 28.Ne4 Qc7
29.Nd6+ Kb8 30.Qd4 Qa5 31.Bd2 Qxa2 32.Qb6+  1-0

[Event "Mexico"]
[Site "Mexico"]
[Date "1975.??.??"]
[Round "4"]
[White "Fernandez, Juan"]
[Black "Ocampo, Raul"]
[Result "1/2-1/2"]
[WhiteElo "2415"]
[BlackElo "2245"]

1.e4 c5 2.Nf3 d6 3.d4 cxd4 4.Nxd4 Nf6 5.Nc3 a6 6.Be3 e6 7.f4 Qc7 8.Be2 Be7
9.O-O Nbd7 10.Bf3 Rb8 11.a4 O-O 12.Qe1 Nb6 13.Kh1 Nc4 14.Bc1 Qc5 15.Nb3 Qc7
16.Nd4 Qc5 17.Qf2 Bd8 18.b3 Bb6 19.Rd1 e5 20.bxc4 Qxc4 21.Nce2 exd4 22.Bb2 Ng4
23.Qg3 Qxc2 24.Bxd4 Bxd4 25.Rxd4 Qb3 26.Rxd6 Ne3 27.f5 Bxf5 28.Nd4 Qc3 29.Qe1 Qc7
30.Qxe3 Bxe4 31.Qxe4 Qxd6 32.Nf5 Qf6 33.Re1 b5 34.Ne7+ Kh8 35.Nc6  1/2-1/2

[Event "URS-chT"]
[Site "Riga"]
[Date "1975.??.??"]
[Round "?"]
[White "Shmit, Anatoly"]
[Black "Lapienis, Donatas"]
[Result "1-0"]
[WhiteElo "2200"]
[BlackElo "2200"]

1.e4 c5 2.Nf3 d6 3.d4 cxd4 4.Nxd4 Nf6 5.Nc3 a6 6.Be3 e5 7.Nf3 Qc7 8.Bg5 Nbd7
9.a4 b6 10.Nd2 Bb7 11.Bc4 Be7 12.Qe2 O-O 13.O-O Rfe8 14.Rfd1 h6 15.Bxf6 Nxf6
16.Nf1 Qc5 17.Nd5 Bxd5 18.Bxd5 Rab8 19.Ne3 b5 20.axb5 Rxb5 21.b3 a5 22.Bc4 Rb7
23.Nd5 Ra7 24.g3 Rb8 25.Ra4 Kf8 26.h4 Rab7 27.Nxf6 Bxf6 28.Rd5 Qc7 29.Rdxa5 Qd7
30.Bd5 Rc7 31.Kg2 Bd8 32.Ra6 Rbc8 33.Bc4 Rb7 34.Qd3 Bb6 35.c3 Rcb8 36.Ra2 Kg8
37.Qd5 Ra7 38.Rxa7 Bxa7 39.Qxf7+ Qxf7 40.Bxf7+ Kxf7 41.Rxa7+ Ke6 42.Rxg7 Rxb3
43.Rg6+  1-0

[Event "Capablanca mem-B 13th"]
[Site "Cienfuegos"]
[Date "1976.05.24"]
[Round "8"]
[White "Ostos, Julio"]
[Black "Sieiro Gonzalez, Luis"]
[Result "0-1"]
[WhiteElo "2255"]
[BlackElo "2225"]

1.e4 c5 2.Nf3 d6 3.d4 cxd4 4.Nxd4 Nf6 5.Nc3 a6 6.Be3 e5 7.Nf3 h6 8.Bc4 Be6
9.Bb3 Be7 10.O-O O-O 11.a4 Nc6 12.Qb1 Na5 13.Bxe6 fxe6 14.Qa2 Qc8 15.Nd2 Bd8
16.f3 Re8 17.Ne2 Qc6 18.c3 Rc8 19.Nc1 Bb6 20.Bxb6 Qxb6+ 21.Kh1 d5 22.Qb1 Nc4
23.Nxc4 Rxc4 24.Nd3 Qc7 25.Nf2 Qc6 26.exd5 exd5 27.Qg6 Ne4 28.Qh5 Nxf2+ 29.Rxf2 Rxa4
30.Re1 Kh7 31.Qf5+ Kh8 32.Rfe2 e4 33.h3 Qe6 34.Qh5 Rc4 35.Rd1 Rd8 36.Qh4 Rdc8
37.fxe4 Rxe4 38.Rxe4 dxe4 39.Re1 e3 40.Qg3 e2 41.Qd3 Re8 42.Kh2 Qe5+ 43.g3 a5
44.Kg2 a4 45.Kf2 Qc5+ 46.Kg2 Re3 47.Qd7 Qe5 48.Qg4 h5 49.Qh4 Qd5+ 50.Kg1 Qf3
51.g4 Qxh3 52.Qxh3 Rxh3 53.Rxe2 Rg3+ 54.Kh2 Rxg4 55.Re5 Rh4+ 56.Kg3 Rh1 57.Rb5 Kh7
58.Rxb7 Rb1 59.Rb4 Ra1 60.Kf4 a3 61.bxa3 Rxa3 62.c4 Kh6 63.Rb8 g5+ 64.Ke5 h4
65.Rh8+ Kg7 66.Rh5 Kg6 67.Rh8 Rc3 68.Kd5 Kf5 69.c5 Kg4 70.c6 h3 71.Kd6 Kg3
72.Ra8 h2 73.Ra1 Kg2 74.Ra2+ Kh3 75.Ra1 g4  0-1

[Event "Capablanca mem-B 13th"]
[Site "Cienfuegos"]
[Date "1976.06.02"]
[Round "17"]
[White "Ostos, Julio"]
[Black "Verduga, Denis Homero"]
[Result "0-1"]
[WhiteElo "2255"]
[BlackElo "2265"]

1.e4 c5 2.Nf3 d6 3.d4 cxd4 4.Nxd4 Nf6 5.Nc3 a6 6.Be3 e6 7.Qf3 Nbd7 8.Be2 Qc7
9.O-O-O b5 10.e5 Bb7 11.exd6 Bxf3 12.dxc7 Bxg2 13.Rhg1 Bb7 14.Nb3 Rc8 15.Na5 Ba8
16.Bf4 Bb4 17.Nb3 Bxc3 18.bxc3 e5 19.Be3 Rxc7 20.Rxg7 Be4 21.Kb2 Nd5 22.Rg4 Nxc3
23.Rxd7 Kxd7 24.Nc5+ Rxc5 25.Bxc5 Na4+  0-1

[Event "Agard"]
[Site "Agard"]
[Date "1976.??.??"]
[Round "4"]
[White "Stoica, Valentin"]
[Black "Prandstetter, Eduard"]
[Result "1-0"]
[WhiteElo "2315"]
[BlackElo "2365"]

1.e4 c5 2.Nf3 d6 3.d4 cxd4 4.Nxd4 Nf6 5.Nc3 a6 6.Be3 e6 7.f4 Be7 8.Qf3 Qc7
9.O-O-O Nbd7 10.g4 h6 11.h4 b5 12.g5 hxg5 13.hxg5 Rxh1 14.Qxh1 Ng8 15.Qh8 Kf8
16.f5 e5 17.Nd5 Qb7 18.f6 gxf6 19.Nf5  1-0

[Event "Agard"]
[Site "Agard"]
[Date "1976.??.??"]
[Round "6"]
[White "Stoica, Valentin"]
[Black "Horvath, Gyula"]
[Result "1/2-1/2"]
[WhiteElo "2315"]
[BlackElo "2280"]

1.e4 c5 2.Nf3 d6 3.d4 Nf6 4.Nc3 cxd4 5.Nxd4 a6 6.Be3 e6 7.Be2 Nc6 8.f4 Be7
9.O-O Bd7 10.Qe1 b5 11.a3 Nxd4 12.Bxd4 Bc6 13.Qg3 O-O 14.Rae1 Qd7 15.Bd3 a5
16.Qh3 e5 17.fxe5 Qxh3 18.gxh3 dxe5 19.Bxe5 b4 20.axb4 axb4 21.Nd1 Bc5+ 22.Nf2 Nd7
23.Bf4 Bd4 24.Bd6 Rfc8 25.Bxb4 Bxb2 26.Ng4 Bd4+ 27.Kg2 Ba4 28.Re2 h5 29.Nf2 Ne5
30.Bd6 Ng6 31.Nd1 Ne5 32.Bxe5 Bxe5 33.Ne3 f6 34.Nd5 Rc5 35.Rb1 Rb8 36.Rxb8+ Bxb8
37.c4 Be5 38.Re1 Bb3 39.Rc1 Kf7 40.h4 Ke6 41.Kf3 Bxh2 42.Rb1 Ba4 43.Rb7  1/2-1/2

[Event "HUN-ch"]
[Site "Budapest"]
[Date "1976.??.??"]
[Round "8"]
[White "Horvath, Tamas"]
[Black "Sax, Gyula"]
[Result "1/2-1/2"]
[WhiteElo "2400"]
[BlackElo "2530"]

1.e4 c5 2.Nf3 d6 3.d4 cxd4 4.Nxd4 Nf6 5.Nc3 a6 6.Be3 e6 7.Be2 b5 8.Bf3 b4
9.e5 dxe5 10.Nb3 Qxd1+ 11.Rxd1 e4 12.Nxe4 Nd5 13.Rxd5 exd5 14.Nf6+ gxf6 15.Bxd5 Bf5
16.Bxa8 Bxc2 17.Nd4 Bg6 18.f4 Bc5 19.f5 Bxd4 20.Bxd4 Bxf5 21.O-O Be6 22.Bxf6 O-O
23.Be7 Rc8 24.Be4 Nd7  1/2-1/2

[Event "HUN-ch"]
[Site "Budapest"]
[Date "1976.??.??"]
[Round "12"]
[White "Horvath, Tamas"]
[Black "Barczay, Laszlo"]
[Result "1-0"]
[WhiteElo "2400"]
[BlackElo "2485"]

1.e4 c5 2.Nf3 d6 3.d4 cxd4 4.Nxd4 Nf6 5.Nc3 a6 6.Be3 e6 7.Be2 Nbd7 8.g4 Nb6
9.g5 Nfd7 10.f4 e5 11.Nf5 exf4 12.Bxf4 Ne5 13.Qd4 Qc7 14.O-O-O Be6 15.Nxd6+ Bxd6
16.Qxd6 Qxd6 17.Rxd6 Nbd7 18.Nd5 Rc8 19.Rd1 Nc4 20.Bxc4 Rxc4 21.Nb6 Rc6 22.Rxd7 Bxd7
23.Nxd7 Rc4 24.Be5 Rg8 25.b3 Rc6 26.Bg3 f6 27.gxf6 gxf6 28.e5 fxe5 29.Nxe5 Re6
30.Nd3 Rg5 31.Nf4 Rc6 32.a4 Re5 33.Rd2 h5 34.Nd5 Re4 35.Rf2  1-0

[Event "WchT U26 fin-A"]
[Site "Caracas"]
[Date "1976.??.??"]
[Round "3"]
[White "Ostos, Julio"]
[Black "Sunye Neto, Jaime"]
[Result "1-0"]
[WhiteElo "2255"]
[BlackElo "2265"]

1.e4 c5 2.Nf3 d6 3.d4 cxd4 4.Nxd4 Nf6 5.Nc3 a6 6.Be3 e5 7.Nf3 Qc7 8.Bg5 Nbd7
9.a4 h6 10.Bh4 g5 11.Bg3 Nc5 12.Nd2 Be6 13.Bd3 Qb6 14.Rb1 Qb4 15.O-O Be7
16.Qe2 Rc8 17.Kh1 O-O 18.Bc4 Ncxe4 19.Ncxe4 Bxc4 20.Nxf6+ Bxf6 21.Nxc4 Qxc4
22.Qf3 Kg7 23.Qxb7 Rc6 24.b4 Qxc2 25.b5 axb5 26.axb5 Rc5 27.b6 Rfc8 28.h3 Qc4
29.Qa7 Rb5 30.b7 Rd8 31.Rfc1 Qd5 32.Rxb5 Qxb5 33.Rc8 Rd7 34.b8=Q Qf1+ 35.Kh2 Rxa7
36.Qxa7 d5 37.Qa4 Qe2 38.Qe8 Qa2 39.Qf8+ Kg6 40.Qd6 Qe2  1-0

[Event "Dubna"]
[Site "Dubna"]
[Date "1976.??.??"]
[Round "?"]
[White "Gipslis, Aivars"]
[Black "Rashkovsky, Nukhim N"]
[Result "1-0"]
[WhiteElo "2535"]
[BlackElo "2485"]

1.e4 c5 2.Nf3 d6 3.d4 cxd4 4.Nxd4 Nf6 5.Nc3 a6 6.Be3 e5 7.Nf3 Be7 8.Bc4 O-O
9.O-O Nc6 10.Qe2 b5 11.Bb3 Na5 12.Rfd1 Nxb3 13.axb3 Bb7 14.Nxe5 Nxe4 15.Nxe4 Bxe4
16.Bf4 Bb7 17.Ng4 Qd7 18.Rd3 f5 19.Ne3 g5 20.Be5 Qe6 21.Bc3 Rf7 22.Re1 Bf8
23.Qd1 Qg6 24.Nd5 f4 25.b4 Rc8 26.Qg4 h5 27.Re6 hxg4 28.Rxg6+ Kh7 29.Rxg5 Bxd5
30.Rdxd5 Bg7 31.Rxg4 Be5 32.Bxe5  1-0

[Event "Dubna"]
[Site "Dubna"]
[Date "1976.??.??"]
[Round "?"]
[White "Suetin, Alexey S"]
[Black "Rashkovsky, Nukhim N"]
[Result "1/2-1/2"]
[WhiteElo "2525"]
[BlackElo "2485"]

1.e4 c5 2.Nf3 d6 3.d4 cxd4 4.Nxd4 Nf6 5.Nc3 a6 6.Be3 e5 7.Nf3 Be7 8.Bc4 Be6
9.Bxe6 fxe6 10.Ng5 Qd7 11.Qf3 Nc6 12.Qh3 Nd8 13.O-O-O h6 14.Bb6 O-O 15.Bxd8 hxg5
16.a4  1/2-1/2

[Event "North Sea"]
[Site "Esbjerg"]
[Date "1976.??.??"]
[Round "3"]
[White "Krantz, Kjell"]
[Black "Brondum, Eric"]
[Result "1/2-1/2"]
[WhiteElo "2265"]
[BlackElo "2340"]

1.e4 c5 2.Nf3 d6 3.d4 cxd4 4.Nxd4 Nf6 5.Nc3 a6 6.Be3 e5 7.Nf3 Qc7 8.Bg5 Nbd7
9.Nd2 b5 10.Bd3 Bb7 11.O-O Be7 12.a4 b4 13.Ne2 O-O 14.Ng3 g6 15.Kh1 Kg7 16.Nc4 Nc5
17.Qe1 a5 18.f4 Ne6 19.fxe5 dxe5 20.Bxf6+ Bxf6 21.Nh5+ gxh5 22.Qg3+ Bg5 23.h4 f6
24.hxg5 Nxg5 25.Ne3 Kh8 26.Qh4 Rad8 27.b3 Bc6 28.Rae1 Qf7 29.Nc4 Qc7 30.Ne3 Qf7  1/2-1/2

[Event "CSR-ch"]
[Site "Ostrava"]
[Date "1976.??.??"]
[Round "5"]
[White "Sikora Lerch, Jan"]
[Black "Jankovec, Ivan"]
[Result "1-0"]
[WhiteElo "2310"]
[BlackElo "2375"]

1.e4 c5 2.Nf3 d6 3.d4 cxd4 4.Nxd4 Nf6 5.Nc3 a6 6.Be3 e6 7.Be2 Be7 8.f4 Qc7
9.O-O O-O 10.Qe1 Re8 11.Qg3 Nc6 12.Nf3 b5 13.e5 Nd7 14.Ne4 dxe5 15.Nfg5 Nd4
16.Bxd4 exd4 17.Nxf7 Nf6 18.Nxf6+ Bxf6 19.Ne5 Bb7 20.Bd3 g6 21.Rae1 Bd5 22.Re2 Bc4
23.Rfe1 Bg7 24.Qh3 Rad8 25.Nxc4 bxc4 26.Rxe6 Rf8 27.Re7 Qc6 28.Rxg7+ Kxg7
29.Re7+ Rf7 30.Rxf7+ Kxf7 31.Qxh7+ Kf8 32.Qh8+ Ke7 33.Qg7+  1-0

[Event "CSR-ch"]
[Site "Ostrava"]
[Date "1976.??.??"]
[Round "14"]
[White "Sikora Lerch, Jan"]
[Black "Prandstetter, Eduard"]
[Result "1/2-1/2"]
[WhiteElo "2310"]
[BlackElo "2365"]

1.e4 c5 2.Nf3 d6 3.d4 cxd4 4.Nxd4 Nf6 5.Nc3 a6 6.Be3 e6 7.Be2 Be7 8.f4 O-O
9.O-O Qc7 10.Qe1 Nc6 11.Qg3 Rd8 12.Rad1 d5 13.e5 Ne8 14.Bd3 Nxd4 15.Bxd4 Bc5
16.Bxc5 Qxc5+ 17.Kh1 Qe7 18.Ne2 Bd7 19.Nd4 Nc7 20.c3 g6 21.f5 exf5 22.Bxf5 Kh8
23.Bxd7 Rxd7 24.Rf3 Re8 25.Re1 Ne6 26.Nxe6 Qxe6 27.Rf6 Qe7 28.Qf4 Kg8 29.h4 Qc5
30.Rf1 Qc7 31.e6 Qxf4 32.exf7+ Rxf7 33.R1xf4 Rxf6 34.Rxf6 Rd8 35.Rb6 d4 36.cxd4 Rxd4
37.Rxb7 Rxh4+ 38.Kg1 Rf4 39.Ra7 Rf6 40.b4 h5 41.a3 g5 42.Kh2 Rd6 43.a4 Rb6
44.a5 Rxb4 45.Rxa6 Kg7 46.Rb6 Ra4 47.a6 Ra3  1/2-1/2

[Event "URS-ch otbor"]
[Site "Rostov"]
[Date "1976.??.??"]
[Round "?"]
[White "Suetin, Alexey S"]
[Black "Platonov, Igor V"]
[Result "0-1"]
[WhiteElo "2525"]
[BlackElo "2455"]

1.e4 c5 2.Nf3 d6 3.d4 cxd4 4.Nxd4 Nf6 5.Nc3 a6 6.Be3 e6 7.Be2 Qc7 8.f4 b5
9.Bf3 Bb7 10.a3 Nbd7 11.Qe2 e5 12.Nf5 h6 13.O-O g6 14.Ng3 exf4 15.Bxf4 Ne5
16.Rad1 Bg7 17.Kh1 O-O 18.Rf2 Rfe8 19.Qf1 Rad8 20.Bxe5 Rxe5 21.Rfd2 h5 22.Qd3 Rc5
23.Nf1 Ne8 24.e5 Rxe5 25.Bxb7 Qxb7 26.Nd5 Nf6 27.Nxf6+ Bxf6 28.Rf2 Qe7 29.c4 Bg7
30.cxb5 axb5 31.Nd2 Re1+ 32.Rxe1 Qxe1+ 33.Rf1 Qe8 34.Nf3 Qc6 35.Ng5 Rf8 36.b3 d5
37.Qf3 Qd7 38.a4 bxa4 39.bxa4 Bh6 40.Qf6 d4 41.Nf3 d3 42.Qa1 d2 43.a5 Rc8
44.Nxd2 Qxd2 45.a6 Rc2 46.Rg1 Ra2  0-1

[Event "URS-ch otbor"]
[Site "Rostov"]
[Date "1976.??.??"]
[Round "?"]
[White "Makarichev, Sergey"]
[Black "Anikaev, Yuri N"]
[Result "1-0"]
[WhiteElo "2495"]
[BlackElo "2435"]

1.e4 c5 2.Nf3 d6 3.d4 cxd4 4.Nxd4 Nf6 5.Nc3 a6 6.Be3 e6 7.Be2 Nbd7 8.f4 b5
9.f5 Ne5 10.fxe6 fxe6 11.O-O Be7 12.a4 b4 13.Na2 Qd7 14.Nxb4 Qb7 15.c3 Qxe4
16.Bf4 O-O 17.Ndc6 Nxc6 18.Bd3 Nxb4 19.Bxe4 Nxe4 20.cxb4 Bb7 21.Qg4 Rf6 22.Bxd6 Nxd6
23.Rxf6 Bxf6 24.Qxe6+ Nf7 25.Qd7 Be4 26.Re1 Rd8 27.Rxe4  1-0

[Event "URS-ch otbor"]
[Site "Rostov"]
[Date "1976.??.??"]
[Round "?"]
[White "Butnorius, Algimantas"]
[Black "Platonov, Igor V"]
[Result "0-1"]
[WhiteElo "2200"]
[BlackElo "2455"]

1.e4 c5 2.Nf3 d6 3.d4 cxd4 4.Nxd4 Nf6 5.Nc3 a6 6.Be3 e6 7.Be2 Qc7 8.f4 Nbd7
9.a4 b6 10.Bf3 Bb7 11.O-O Be7 12.Qe2 O-O 13.g4 Nc5 14.Qg2 e5 15.Nf5 d5 16.exd5 e4
17.Nxe4 Nxd5 18.Bd2 Ne6 19.Rae1 Rfe8 20.Nxe7+ Rxe7 21.Nc3 Ndxf4 22.Bxf4 Nxf4
23.Qg3 Rxe1 24.Rxe1 Bxf3 25.Qxf3 Rd8 26.Rf1 Ne6 27.Rd1 Rxd1+ 28.Qxd1 Qf4
29.Kg2 Nd4 30.h3 h6 31.Qd3 f5 32.Nd5 Qe5 33.c4 f4 34.Kf2 f3 35.Qg6 Qe2+ 36.Kg3 Qe1+
37.Kf4 f2 38.Nf6+ Kf8 39.Nh7+ Kg8 40.Nf6+ Kf8 41.Nh7+ Ke7 42.Qxg7+ Kd6 43.Qxd4+ Kc7
44.Qg7+ Kc6 45.Qxh6+ Kc5 46.b4+ Kxc4 47.Qc6+ Kb3 48.Qd5+ Kxb4 49.Qd6+ Ka5
50.Qd5+ b5  0-1

[Event "URS-FL"]
[Site "Baku"]
[Date "1977.??.??"]
[Round "1"]
[White "Savon, Vladimir A"]
[Black "Petrushin, Alexander I"]
[Result "1-0"]
[WhiteElo "2540"]
[BlackElo "2345"]

1.e4 c5 2.Nf3 d6 3.d4 cxd4 4.Nxd4 Nf6 5.Nc3 a6 6.Be3 e6 7.f4 b5 8.Qf3 Bb7
9.Bd3 Nbd7 10.g4 b4 11.Nce2 e5 12.Nb3 d5 13.Ng3 exf4 14.Bxf4 dxe4 15.Nxe4 Qb6
16.O-O-O O-O-O 17.Rhe1 Nd5 18.Bg3 Be7 19.Qxf7 Qh6+ 20.Kb1 Rhf8 21.Qxe7 Nxe7
22.Nd6+ Kb8 23.Nf5+ Ka8 24.Nxh6 gxh6 25.Rxe7  1-0

[Event "Rzeszow op"]
[Site "Rzeszow"]
[Date "1977.??.??"]
[Round "7"]
[White "Marcovici, Adrian"]
[Black "Pokojowczyk, Jerzy"]
[Result "0-1"]
[WhiteElo "2260"]
[BlackElo "2345"]

1.e4 c5 2.Nf3 d6 3.d4 Nf6 4.Nc3 cxd4 5.Nxd4 a6 6.Be3 e5 7.Nf3 Be7 8.Bg5 Nbd7
9.a4 h6 10.Bh4 Qc7 11.Nd2 g5 12.Bg3 Nf8 13.Bc4 Be6 14.Bb3 h5 15.h3 Ng6 16.Qe2 Rc8
17.O-O-O Qa5 18.Rhe1 Qb4 19.Qd3 Nd7 20.Na2 Qa5 21.Bxe6 fxe6 22.Nc3 Qb4 23.Nb3 Nb6
24.a5 Nc4 25.Na2 Qa4 26.Kb1 Nxa5 27.Nc3 Qb4 28.Na2 Qb6 29.Nxa5 Qxa5 30.Qb3 Kf7
31.Qxb7 Rb8 32.Qa7 Rb6 33.f3 Rhb8 34.b4 Qc5 35.Rd3 Rxb4+ 36.Nxb4 Rxb4+ 37.Rb3 Rxb3+
38.cxb3  0-1

[Event "SWE-ch"]
[Site "?"]
[Date "1977.??.??"]
[Round "?"]
[White "Schussler, Harry"]
[Black "Svensson, Gert"]
[Result "1-0"]
[WhiteElo "2360"]
[BlackElo "2260"]

1.e4 c5 2.Nf3 d6 3.d4 cxd4 4.Nxd4 Nf6 5.Nc3 a6 6.Be3 e5 7.Nb3 Be7 8.f3 Be6
9.Qd2 O-O 10.O-O-O Nbd7 11.g4 Nb6 12.g5 Ne8 13.f4 exf4 14.Bxf4 Nc4 15.Bxc4 Bxc4
16.h4 a5 17.Nd4 d5 18.b3 Qb6 19.Na4 Qa6 20.bxc4 Qxc4 21.Nc3 Bb4 22.Ndb5 Rc8
23.Rh3 Qc5 24.Qxd5 Ba3+ 25.Kb1 Qb6 26.Na4 Qf2 27.Qd2 Rd8 28.Qxd8 Nd6 29.Qb6 Qe2
30.Nac3 Qg4 31.Nxa3 Qxh3 32.Bxd6  1-0

[Event "URS-FL"]
[Site "Ashkhabad"]
[Date "1978.??.??"]
[Round "8"]
[White "Kupreichik, Viktor D"]
[Black "Tukmakov, Vladimir B"]
[Result "0-1"]
[WhiteElo "2530"]
[BlackElo "2570"]

1.e4 c5 2.Nf3 d6 3.d4 cxd4 4.Nxd4 Nf6 5.Nc3 a6 6.Be3 e6 7.f4 b5 8.Qf3 Bb7
9.Bd3 Nbd7 10.g4 h6 11.O-O-O Rc8 12.Nce2 Nc5 13.Ng3 Nxd3+ 14.Rxd3 g6 15.Rf1 h5
16.gxh5 Nxh5 17.f5 exf5 18.Ndxf5 gxf5 19.Nxf5 Rh7 20.Kb1 Qc7 21.Rd2 Qc4 22.Bd4 Qe6
23.Re1 Rc4 24.Qg2 Nf6 25.Bxf6 Qxf6 26.Nxd6+ Bxd6 27.Qg8+ Bf8 28.Qxh7 Qh6
29.Qxh6 Bxh6 30.Rde2 Ke7 31.b3 Rd4 32.Kb2 b4 33.c3 Rd2+ 34.Rxd2 Bxd2 35.Re2 bxc3+
36.Kc2 Ke6 37.Kd3 Ke5 38.h4 a5  0-1

[Event "Dortmund"]
[Site "Dortmund"]
[Date "1978.??.??"]
[Round "5"]
[White "Gipslis, Aivars"]
[Black "Marjanovic, Slavoljub"]
[Result "1/2-1/2"]
[WhiteElo "2525"]
[BlackElo "2450"]

1.e4 c5 2.Nf3 d6 3.d4 Nf6 4.Nc3 cxd4 5.Nxd4 a6 6.Be3 e5 7.Nf3 Qc7 8.Bg5 Nbd7
9.a4 h6 10.Bh4 Be7 11.Nd2 g5 12.Bg3 Nf8 13.Bc4 Be6 14.Qe2 Rc8 15.Bb3 h5 16.h4  1/2-1/2

[Event "Wch U20"]
[Site "Graz"]
[Date "1978.??.??"]
[Round "3"]
[White "Ravikumar, Vaidyanathan"]
[Black "Restrepo, G."]
[Result "0-1"]
[WhiteElo "2200"]
[BlackElo "2200"]

1.e4 c5 2.Nf3 d6 3.d4 cxd4 4.Nxd4 Nf6 5.Nc3 a6 6.Be3 e5 7.Nb3 Be6 8.Qd2 Nbd7
9.f3 Be7 10.O-O-O b5 11.g4 Nb6 12.Na5 Qc7 13.g5 Nfd7 14.Nd5 Nxd5 15.exd5 Bf5
16.Nc6 Nb8 17.Nxe5 dxe5 18.d6 Bxd6 19.Bd3 Bxd3 20.Qxd3 Be7 21.h4 O-O 22.g6 hxg6
23.h5 g5 24.Rdg1 Rd8 25.Qf5 Qd7 26.Qe4 Nc6 27.Kb1 f5  0-1